Online Catalogue and eLibrary

Eelaththu tamil ilakkiya valarcci (Record no. 3960)

MARC details
000 -LEADER
fixed length control field 00373nam a2200145Ia 4500
005 - DATE AND TIME OF LATEST TRANSACTION
control field 20250319071924.0
008 - FIXED-LENGTH DATA ELEMENTS--GENERAL INFORMATION
fixed length control field 240331s9999 xx 000 0 und d
082 ## - DDC Classification
Item Number - Author Mark NAD
Class No. 894
100 ## - MAIN ENTRY--PERSONAL NAME
Personal name Nadarajah, K.S
245 #0 - TITLE STATEMENT
Title Eelaththu tamil ilakkiya valarcci
260 ## - PUBLICATION, DISTRIBUTION, ETC.
Place of publication, distribution, etc. Chennai
Name of publisher, distributor, etc. Salai Achagam
Date of publication, distribution, etc. 1987
300 ## - PHYSICAL DESCRIPTION
Extent (e.g. Volumes, Pages etc.) Xiv, 192 p .,
650 ## - SUBJECT ADDED ENTRY--TOPICAL TERM
Topical term or geographic name entry element Elathu Tamil Ilakkiyam
942 ## - Koha item type (Biblio)
Koha item type Books in Stacks (Lending)
Holdings
Lost status Damaged status Collection code Home library Current library Shelving location Date acquired Full call number Accession Number Item type
    Lending WERC Library WERC Library Social Science Cupboard 03/31/2024 894.811 NAD 848 Books in Stacks (Lending)

© WERC Library